000 00641nam a2200181 4500
001 140290
003 ES-MaACL
005 20230906200041.0
007 t|
008 070214s1963 sp r ||||1| spa d
100 1 _aSchunknecht, Wolfgang.
_9104816
245 1 0 _aAnálisis químico por fotometría de llama /
_cWolfgang Schunknecht ; versión de Ricardo Parellada Bellod ; prólogo de Ricardo Fernández Cellini.
260 _aMadrid :
_bAtlas,
_c1963.
300 _aXVI, 294 p. :
_bil. ;
_c21 cm.
700 1 _aParellada Bellod, Ricardo.
_989082
700 1 _aFernández Cellini, Ricardo.
_949570
852 _aES-MaACL
_jG-7369
_bR.65524
999 _c140290
_d140290